My experiments with truth / (Record no. 3633)

MARC details
000 -LEADER
fixed length control field 00430nam a2200145 4500
001 - CONTROL NUMBER
control field 4392
005 - DATE AND TIME OF LATEST TRANSACTION
control field 20181127173318.0
020 00 - INTERNATIONAL STANDARD BOOK NUMBER
International Standard Book Number 9780143418016
090 00 - LOCALLY ASSIGNED LC-TYPE CALL NUMBER (OCLC); LOCAL CALL NUMBER (RLIN)
Classification number (OCLC) (R) ; Classification number, CALL (RLIN) (NR) 954.035092 G1956m 2012
100 00 - MAIN ENTRY--PERSONAL NAME
Personal name Gandhi, M.K.
245 00 - TITLE STATEMENT
Title My experiments with truth /
Remainder of title
Statement of responsibility, etc. Translated from the Gujarati by M. K. Gandhi.
Medium
300 ## - PHYSICAL DESCRIPTION
Extent xix, 436 p. ; 22 cm.
Other physical details
Dimensions
Accompanying material
650 00 - SUBJECT ADDED ENTRY--TOPICAL TERM
Topical term or geographic name entry element Gandhi, Mahatma, 1869-1948.
General subdivision
Topical term or geographic name entry element Statesmen --India --Biography.
General subdivision
Holdings
Withdrawn status Lost status Source of classification or shelving scheme Damaged status Not for loan Collection code Home library Current library Shelving location Serial Enumeration / chronology Inventory number Total Checkouts Full call number Barcode Date last seen Price effective from Koha item type Date last checked out Copy number
    Dewey Decimal Classification     Main TEST RTC Library RTC Library Main opac 7943   920 GAN 30006693 27/11/2018 27/11/2018 Main    
    Dewey Decimal Classification     Main TEST RTC Library RTC Library Main opac 10215 1 920 GAN 30011366 23/05/2019 27/11/2018 Main 17/05/2019 2
Royal Thimphu College || All Right Reserved